| 000 | 00412cam a2200169ua 4500 | ||
|---|---|---|---|
| 020 | _c12.30 | ||
| 041 |
_aeng _h |
||
| 082 |
_a540 _bPAU/GE |
||
| 100 | _aPauling, Linus . | ||
| 245 |
_aGeneral chemistry / _cLinus Pauling. _hTextual Documents |
||
| 260 |
_aMumbai : _bAllied Publishers Pvt Ltd , _c1962. |
||
| 300 | _a710 ; . | ||
| 365 | _a12.30 | ||
| 504 | _a | ||
| 942 | _cBK | ||
| 999 |
_c10709 _d10709 |
||